Normal view
MARC view
Entry Nombre personal
001 - NÚMERO DE CONTROL
- campo de control: 1068
003 - IDENTIFICADOR DE NÚMERO DE CONTROL
- campo de control: DLC
005 - FECHA Y HORA DE LA ÚLTIMA TRANSACCIÓN
- campo de control: 20260416144748.0
008 - ELEMENTOS DE DATO DE LONGITUD-FIJA
- campo de control de longitud fija: 130506n| azannaabn |n aaa c
010 ## - NÚMERO DE CONTROL DE LA BIBLIOTECA DEL CONGRESO
- Número de control de LC: no2013049288
- Número de control de LC cancelado o no válido: n 85187191
035 ## - NÚMERO DE CONTROL DEL SISTEMA
- Número de control de sistema: (OCoLC)oca09466847
040 ## - FUENTE DE CATALOGACIÓN
- Centro catalogador/agencia de origen: LNT
- Lengua de catalogación: eng
- Normas de descripción: rda
- Centro/agencia transcriptor: LNT
- Centro/agencia modificador: DLC
046 ## - FECHAS CON CODIFICACIÓN ESPECIAL
- Fecha de nacimiento: 1959
100 1# - ENCABEZAMIENTO-NOMBRE DE PERSONA
- Nombre de persona: Mercado, Silvia D.,
- Fechas asociadas al nombre: 1959-
370 ## - LUGAR ASOCIADO
- País asociado: Argentina
374 ## - OCUPACIÓN
- Ocupación: Journalists
- Fuente del término: lcsh
375 ## - GÉNERO/SEXO
- Género: female
377 ## - IDIOMA ASOCIADO
- Código del idioma: spa
670 ## - FUENTE DE DATOS ENCONTRADOS
- Cita de la fuente: El inventor del peronismo, 2013:
- Información encontrada: t.p. (Silvia D. Mercado) front flap (b. 1959; journalist)